000 02263cam a22004937a 4500
003 CHAP
005 20220817041051.0
008 971013s1988 it r 00010 spa d
010 _a5731
011 _a6703
035 _a5925
040 _cCHAP
082 0 4 _a338.016
_bF36p
110 2 _aFAO
245 1 0 _aPotencialidades del desarrollo agrícola y rural en América Latina y el Caribe
_b: Plan de acción
260 _aRoma :
_bFAO,
_c1988
300 _a19 p. :
_b+ anexos
505 0 _aContenido: Anexo 1. Desarrollo económico y social.-- Anexo 2. Pobreza rural. -- Anexo 3. Sistemas alimentarios y seguridad alimentaria. -- Anexo 4. Recursos naturales y medio ambiente. -- Anexo 5. Subsectores productivos: agrícola, ganadero, pesquero y forestal
590 _aBATCH-UPD
_b10
_c20130109
_lUCH01
_h2311
590 _aBATCH-UPD
_b10
_c20130110
_lUCH01
_h0042
590 _aBATCH-UPD
_b10
_c20130110
_lUCH01
_h0954
590 _aBATCH-UPD
_b10
_c20130409
_lUCH01
_h1830
590 _aBATCH-UPD
_b10
_c20130410
_lUCH01
_h0607
590 _aBATCH-UPD
_b10
_c20130914
_lUCH01
_h1154
590 _aCONVERSION
_b10
_c20130109
_lUCH01
_h1304
650 1 4 _aDesarrollo rural.
_932067
650 1 4 _aGanadería
_xAmérica Latina.
_944610
650 1 4 _aGanadería
_xCaribe.
_944667
650 1 4 _aMedio ambiente.
_974065
650 1 4 _aProductos forestales
_xAmérica Latina.
_992061
650 1 4 _aProductos forestales
_xCaribe.
_992069
650 1 4 _aProductos pesqueros.
_992201
650 1 4 _aRecursos naturales
_xAmérica Latina.
_995189
650 1 4 _aRecursos naturales
_xCaribe.
_995214
901 _aBK
942 _cLIBRO
949 _a338.016 F36p
_bBC
_cFAO
_d33724000673059
_eFAO1
_gDonaciØn
_h82578
_i5925
_si
949 _a338.016 F36p
_bBC
_cFAO
_d33724000673067
_eFAO1
_fAnex.1
_gDonaciØn
_h82579
_i5925
_si
949 _a338.016 F36p
_bBC
_cFAO
_d33724000673075
_eFAO1
_fAnex.3
_gDonaciØn
_h82581
_i5925
_si
949 _a338.016 F36p
_bBC
_cFAO
_d33724000673109
_eFAO1
_fAnex.5
_gDonaciØn
_h82583
_i5925
_si
949 _a338.016 F36p
_bBC
_cFAO
_d33724000673117
_eFAO1
_fAnex.4
_gDonaciØn
_h82582
_i5925
_si
949 _a338.016 F36p
_bBC
_cFAO
_d33724000673125
_eFAO1
_fAnex.2
_gDonaciØn
_h82580
_i5925
_si
949 _a338.016 F36p
_bBC
_cFAO
_d33724002332876
_eFAO2
_fc.2
_gDonaciØn
_h116639
_i5925
_sb
999 _c5731
_d5731